Applied agricultural research : (Record no. 18603)
[ view plain ]
| 000 -LEADER | |
|---|---|
| fixed length control field | 00483pam a2200169 a 4500 |
| 020 ## - INTERNATIONAL STANDARD BOOK NUMBER | |
| ISBN | 0813387817 (acidfree paper) : |
| 040 ## - CATALOGING SOURCE | |
| Transcribing agency | DLC |
| 082 00 - DEWEY DECIMAL CLASSIFICATION NUMBER | |
| Classification number | 630 WES 1993 C148 Or. |
| 100 1# - MAIN ENTRY--AUTHOR NAME | |
| Personal name | Andrew, Chris O. |
| 245 10 - TITLE STATEMENT | |
| Title | Applied agricultural research : |
| Remainder of title | foundations and methodology / |
| 260 ## - PUBLICATION, DISTRIBUTION, ETC. (IMPRINT) | |
| Place of publication | Boulder : |
| Name of publisher | Westview Press, |
| Year of publication | 1993. |
| 300 ## - PHYSICAL DESCRIPTION | |
| Number of Pages | xiv, 223 p. : |
| Other physical details | ill. ; |
| Dimensions | 22 cm. |
| 650 #0 - SUBJECT ADDED ENTRY--TOPICAL TERM | |
| Topical Term | Agriculture |
| 650 #0 - SUBJECT ADDED ENTRY--TOPICAL TERM | |
| Topical Term | Agriculture |
| 700 1# - ADDED ENTRY--PERSONAL NAME | |
| Personal name | Hildebrand, Peter E. |
| 942 ## - ADDED ENTRY ELEMENTS (KOHA) | |
| Koha item type | ADB |
| 952 ## - LOCATION AND ITEM INFORMATION (KOHA) | |
| Withdrawn status [LOCAL, KOHA] | 0 |
| Source of acquisition | Permanent Location | Date acquired | Koha item type | Lost status | Shelving location | Current Location | Full call number |
|---|---|---|---|---|---|---|---|
| A38945 | Library Block C | 2019-12-25 | សៀវភៅភាសាអង់គ្លេស | C148 | Library Block C | 630 WES 1993 C148 Or. |